| 000 | 00863nam a22001577a 4500 | ||
|---|---|---|---|
| 003 | OSt | ||
| 005 | 20151210114612.0 | ||
| 008 | 151210b xxu||||| |||| 00| 0 eng d | ||
| 040 | _cRUA | ||
| 082 | _aATM SVA 2004 B204 Or.1 | ||
| 100 |
_94655 _aSVAY, SAMNANG. |
||
| 245 | _astudy on children malnutrition under five years old at beng and bantorbaoh villages, danrun commune, soutrnikum district, siemreap province (ការសិក្សាពីកង្វះខាតអាហារូបត្ថម្ភរបស់កុមារអាយុក្រោម ៥ ឆ្នាំ នៅភូមិបេង និង ភូមិបន្ទាត់បោះឃុំដានរុន ស្រុកសូត្រនិគម ខេត្តសៀមរៀប) | ||
| 260 |
_aPhnom Penh _bRUA _c2004 |
||
| 300 |
_avii, 31p. _bill. _c29cm. |
||
| 942 |
_2ddc _cATM |
||
| 999 |
_c4338 _d4338 |
||